00462nam a2200181Ia 450000500170000000800410001702000140005804000190007204100120009108200160010310000200011924500510013926000270019030000190021750400190023665000140025585000110026920230920090830.0131103s9999 xx 000 0 und d a600552349 aLoreto College aEnglish a291.13bION aIons, Veronica  4aThe World's Mythology In ColourcVeronica Ions aAucklandbHamlync1994 a349p.b plates aIncludes index aMythology aLCLIB